Možnosti využitia teórie Markovových reťazcov na podporu rozhodovania diplomová práca

Na minha lista:
Detalhes bibliográficos
Autor principal: Veiglová, Ivana
Autor Corporativo: Fakulta hospodárskej informatiky EU. Katedra operačného výskumu a ekonometrie
Outros Autores: Reiff, Marian, 1978-
Formato: Livro
Idioma:eslovaco
Publicado em: Bratislava 2016
Tags: Adicionar Tag
Sem tags, seja o primeiro a adicionar uma tag!

MARC

LEADER 00000nbm a2200000 4500
001 0216846
005 20170215095732.2
041 0 |a slo 
044 |a SK 
245 1 0 |a Možnosti využitia teórie Markovových reťazcov na podporu rozhodovania  |b diplomová práca  |c Ivana Veiglová ; školiteľ: Marian Reiff 
264 1 |a Bratislava  |c 2016 
300 |a 57 s. 
100 1 |a Veiglová, Ivana 
700 1 |a Reiff, Marian, 1978- 
710 2 |a Fakulta hospodárskej informatiky EU. Katedra operačného výskumu a ekonometrie